| 000 | 00963nam a22003017a 4500 | ||
|---|---|---|---|
| 003 | CHAP | ||
| 005 | 20220329135106.0 | ||
| 008 | 971013s1973 r 00010 d | ||
| 010 | _a30788 | ||
| 011 | _a31760 | ||
| 035 | _a35872 | ||
| 040 | _cCHAP | ||
| 082 |
_a581.55724 _bM3 |
||
| 100 | 0 | 0 |
_aMarks, Gerald S. _971446 |
| 245 |
_aEctomycorrhizae _b: their ecology and physiology |
||
| 260 |
_aNew York : _bAcademic Press, _c1973 |
||
| 300 |
_a444 p. _b: ilus. ; gráfs |
||
| 490 | _aPhysiological ecology | ||
| 590 |
_aBATCH-UPD _b10 _c20130110 _lUCH01 _h1800 |
||
| 590 |
_aCONVERSION _b10 _c20130109 _lUCH01 _h1317 |
||
| 650 | 1 | 4 |
_aMicorriza. _975486 |
| 700 | 0 |
_aKoslowski, Theodore Thomas. _963768 |
|
| 830 | 0 |
_aPhysiological ecology _987897 |
|
| 901 | _aBK | ||
| 942 | _cLIBRO | ||
| 949 |
_a581.55724 M3 _bBC _cLIBRO _d33724000538211 _eLIBRO _h32715 _i35872 _si _t425.00 |
||
| 949 |
_a581.55724 M3 _bBC _cLIBRO _d33724000538229 _eLIBRO _fc.2 _h32716 _i35872 _si _t425.00 |
||
| 999 |
_c30788 _d30788 |
||